00430nam a2200157Ia 45000010006000000050017000060080041000230410008000640820016000721000043000882450088001312600009002193000028002286500008002566540008002641980820260306172720.0260306t2020||||xx |||||||||||||| ||spa|| aESP a341.1bP45M aPérez Collados, José María,eAUT 0aManeras de construir la historia :bla filosofía de los historiadores del derecho c2020 a227 páginas :c24 cm. aGEN aCDE